| 000 | 00449nam a22001817a 4500 | ||
|---|---|---|---|
| 003 | CEME | ||
| 005 | 20210628203050.0 | ||
| 008 | 210218b xxu||||| |||| 00| 0 eng d | ||
| 020 | _a0-8311-1145-3 | ||
| 040 | _c. | ||
| 082 | _a510.246 AND | ||
| 100 |
_aAnderson, John.G _963125 |
||
| 245 | _aTechnical shop mathematics | ||
| 260 |
_aNEW JERSEY _bINDUSTRIAL PRESS _c1983 |
||
| 300 | _aXI,526P | ||
| 650 |
_aMATHEMATICS _921439 |
||
| 942 |
_cBK _2ddc |
||
| 999 |
_c572048 _d572048 |
||